[Event "Madrid San Viator op 24th"]
[Site "Madrid"]
[Date "2015.05.31"]
[Round "9"]
[White "Blasco Gallardo, Francisco"]
[Black "Rodriguez Orgaz, Cesar"]
[Result "0-1"]
[WhiteElo "1618"]
[BlackElo "1868"]
[PlyCount "74"]
[EventDate "2015.03.22"]
[EventType "swiss"]
[EventRounds "9"]
[EventCountry "ESP"]
[SourceTitle "EXT 2016"]
[Source "ChessBase"]
[SourceDate "2015.10.08"]
[SourceVersion "1"]
[SourceVersionDate "2015.10.08"]
[SourceQuality "1"]

1. Nf3 Nf6 2. d4 c5 3. c3 d5 4. Bf4 Nc6 5. e3 Qb6 6. Nbd2 Qxb2 7. Qc1 Qxc1+ 8. Rxc1 e6 9. h3 Bd7 10. Bd3 Be7 11. Ne5 0-0 12. Nxd7 Nxd7 13. Bb5 Rfc8 14. Nf3 a6 15. Bxc6 Rxc6 16. Ne5 Nxe5 17. Bxe5 f6 18. Bh2 cxd4 19. exd4 Rac8 20. Kd2 b5 21. Bf4 Ba3 22. Rc2 b4 23. Rb1 Rxc3 24. Rxc3 Rxc3 25. Be3 Kf7 26. Kd1 a5 27. Rb3 Rxb3 28. axb3 Bb2 29. Kc2 Bc3 30. f4 Ke7 31. Kd3 Kd6 32. Bd2 Bxd2 33. Kxd2 e5 34. fxe5+ fxe5 35. Ke3 e4 36. g3 g5 37. g4 Kc6 0-1

[Event "Madrid San Viator op 24th"]
[Site "Madrid"]
[Date "2015.04.19"]
[Round "4"]
[White "Del Noval Perez, Jeronimo"]
[Black "Rodriguez Orgaz, Cesar"]
[Result "0-1"]
[WhiteElo "1435"]
[BlackElo "1868"]
[PlyCount "142"]
[EventDate "2015.03.22"]
[EventType "swiss"]
[EventRounds "9"]
[EventCountry "ESP"]
[SourceTitle "EXT 2016"]
[Source "ChessBase"]
[SourceDate "2015.10.08"]
[SourceVersion "1"]
[SourceVersionDate "2015.10.08"]
[SourceQuality "1"]

1. e4 Nf6 2. e5 Nd5 3. d4 d6 4. c4 Nb6 5. Nf3 Nc6 6. exd6 cxd6 7. Be2 Bg4 8. b3 g6 9. Be3 Bg7 10. Nc3 0-0 11. 0-0 Nd7 12. Rc1 Nf6 13. Qd2 Re8 14. d5 Bxf3 15. Bxf3 Ne5 16. Be2 Ned7 17. Bh6 Bh8 18. Rfe1 Ne5 19. h3 Qa5 20. Nb5 Qxd2 21. Bxd2 Rec8 22. f4 Ned7 23. g4 Ne4 24. Be3 a6 25. Nd4 Kf8 26. Bf3 Nef6 27. g5 Ne8 28. Bg4 Rd8 29. h4 Nc5 30. Rcd1 b5 31. h5 bxc4 32. bxc4 f5 33. Bf3 Bxd4 34. Bxd4 Ra7 35. hxg6 hxg6 36. Bxc5 dxc5 37. Re6 Rd6 38. Rb1 Kf7 39. Re2 Rdd7 40. Reb2 Nd6 41. Be2 Rab7 42. Rxb7 Rxb7 43. Rxb7 Nxb7 44. Bd1 Nd6 45. Bb3 e6 46. dxe6+ Kxe6 47. Kg2 Ne4 48. Kf3 Kd6 49. Ke3 Kc7 50. Ba4 Nd6 51. Bb3 Kb6 52. a4 Ka5 53. Kd3 Kb4 54. Bd1 a5 55. Bf3 Kxa4 56. Kc3 Ka3 57. Bc6 Ka2 58. Bd5 Kb1 59. Kb3 Kc1 60. Bf3 Kd2 61. Bh5 Ke3 62. Bxg6 Kxf4 63. Bxf5 Nxf5 64. Ka4 Ke4 65. Kxa5 Kd4 66. Kb5 Ne7 67. Kb6 Kxc4 68. Kc7 Kd5 69. Kd7 Nf5 70. Ke8 c4 71. Kf7 Ke5 0-1

[Event "Madrid San Viator op 24th"]
[Site "Madrid"]
[Date "2015.03.22"]
[Round "1"]
[White "Rodriguez Orgaz, Cesar"]
[Black "Elissalt Cardenas, Hector"]
[Result "0-1"]
[WhiteElo "1868"]
[BlackElo "2337"]
[PlyCount "87"]
[EventDate "2015.03.22"]
[EventType "swiss"]
[EventRounds "9"]
[EventCountry "ESP"]
[SourceTitle "EXT 2016"]
[Source "ChessBase"]
[SourceDate "2015.10.08"]
[SourceVersion "1"]
[SourceVersionDate "2015.10.08"]
[SourceQuality "1"]

1. d4 d5 2. Nf3 Nf6 3. c4 c6 4. Nc3 a6 5. cxd5 cxd5 6. g3 Nc6 7. Bg2 Bf5 8. 0-0 e6 9. h3 h6 10. Bf4 Be7 11. Re1 0-0 12. Ne5 Rc8 13. g4 Bh7 14. Qd2 Ne4 15. Nxe4 Bxe4 16. Nxc6 Rxc6 17. Rec1 Bxg2 18. Kxg2 Qb6 19. Rxc6 bxc6 20. Rc1 Rc8 21. a3 a5 22. Rc3 a4 23. Rd3 Qb5 24. Rc3 c5 25. dxc5 Rxc5 26. Be5 f6 27. Bd4 Rxc3 28. Bxc3 e5 29. e3 Qc4 30. Qd1 Kf7 31. Qf1 Qc6 32. Bb4 d4+ 33. Kg1 dxe3 34. fxe3 Qe4 35. Qc1 Bxb4 36. axb4 Qxb4 37. Qc7+ Kg6 38. Qc2+ e4 39. Kf2 h5 40. gxh5+ Kxh5 41. Qe2+ Kh6 42. Kg3 Qd6+ 43. Kh4 Qe5 44. Qg4 0-1

[Event "Gran Canaria Dominguez Memoral 1st"]
[Site "Gran Canaria"]
[Date "2014.04.07"]
[Round "7"]
[White "Rodriguez Orgaz, Cesar"]
[Black "Lopez Colon, Francisco"]
[Result "0-1"]
[WhiteElo "1853"]
[BlackElo "2024"]
[PlyCount "50"]
[EventDate "2014.03.17"]
[EventType "swiss"]
[EventRounds "7"]
[EventCountry "ESP"]
[SourceTitle "EXT 2015"]
[Source "ChessBase"]
[SourceDate "2014.11.20"]
[SourceVersion "1"]
[SourceVersionDate "2014.11.20"]
[SourceQuality "1"]

1. d4 d5 2. c4 c6 3. Nf3 Nf6 4. g3 g6 5. Bg2 Bg7 6. 0-0 0-0 7. Nc3 Nbd7 8. cxd5 cxd5 9. Bf4 Nb6 10. b3 Bf5 11. a4 Rc8 12. Rc1 Nh5 13. Bd2 Nf6 14. Bf4 Ne4 15. Nb5 a6 16. Bc7 Qd7 17. Bxb6 axb5 18. a5 Rxc1 19. Qxc1 Rc8 20. Qa3 Nc3 21. Re1 Be4 22. Bc5 Bf5 23. Qb4 Ne4 24. Bxe7 Re8 25. Bg5 Bf8 0-1

[Event "Gran Canaria Dominguez Memoral 1st"]
[Site "Gran Canaria"]
[Date "2014.03.31"]
[Round "5"]
[White "Rodriguez Orgaz, Cesar"]
[Black "Haenen, Tom"]
[Result "1/2-1/2"]
[WhiteElo "1853"]
[BlackElo "1782"]
[PlyCount "101"]
[EventDate "2014.03.17"]
[EventType "swiss"]
[EventRounds "7"]
[EventCountry "ESP"]
[SourceTitle "EXT 2015"]
[Source "ChessBase"]
[SourceDate "2014.11.20"]
[SourceVersion "1"]
[SourceVersionDate "2014.11.20"]
[SourceQuality "1"]

1. c4 g6 2. Nf3 Bg7 3. Nc3 d6 4. g3 e5 5. d4 Nc6 6. Bg2 exd4 7. Nb5 Nf6 8. 0-0 0-0 9. Nbxd4 Ne5 10. Qb3 Nfd7 11. Bd2 Nxf3+ 12. Nxf3 Nc5 13. Qc2 Bf5 14. Qc1 Re8 15. Bc3 Rxe2 16. Bxg7 Kxg7 17. Nd4 Re5 18. f4 Re8 19. b4 Ne4 20. Re1 c6 21. g4 Qf6 22. Nb3 Nc3 23. g5 Rxe1+ 24. Qxe1 Qd8 25. Qxc3+ Kg8 26. Re1 Qd7 27. Qe3 Be6 28. Qd4 b6 29. Nd2 d5 30. cxd5 cxd5 31. Rd1 Qb5 32. Bf1 Qa4 33. Ra1 Rc8 34. Nb3 Qa3 35. Bd3 a5 36. bxa5 bxa5 37. Rb1 a4 38. Na5 Rc1+ 39. Kf2 Rxb1 40. Bxb1 Qh3 41. Kg1 Qg4+ 42. Kf2 Qh3 43. Qxa4 Qxh2+ 44. Ke3 Qg1+ 45. Kd2 Qxb1 46. Qb3 Qe4 47. Qb8+ Kg7 48. Nb3 Qg2+ 49. Kc3 Qxa2 50. Qe5+ Kg8 51. Qb8+ 1/2-1/2

[Event "Gran Canaria Dominguez Memoral 1st"]
[Site "Gran Canaria"]
[Date "2014.03.27"]
[Round "4"]
[White "Alvarado Ascanio, Francisco"]
[Black "Rodriguez Orgaz, Cesar"]
[Result "1/2-1/2"]
[WhiteElo "2175"]
[BlackElo "1853"]
[PlyCount "75"]
[EventDate "2014.03.17"]
[EventType "swiss"]
[EventRounds "7"]
[EventCountry "ESP"]
[SourceTitle "EXT 2015"]
[Source "ChessBase"]
[SourceDate "2014.11.20"]
[SourceVersion "1"]
[SourceVersionDate "2014.11.20"]
[SourceQuality "1"]

1. d4 Nf6 2. c4 g6 3. Nc3 d5 4. cxd5 Nxd5 5. Bd2 Bg7 6. e4 Nxc3 7. Bxc3 0-0 8. Nf3 c5 9. d5 Bxc3+ 10. bxc3 Qa5 11. Qd2 b5 12. c4 b4 13. Bd3 Nd7 14. 0-0 Qc7 15. Qh6 f6 16. e5 Nxe5 17. Nxe5 fxe5 18. Rae1 Bf5 19. Re3 Rf7 20. Rfe1 Raf8 21. f3 a5 22. Qg5 Bxd3 23. Rxd3 Rf5 24. Qd2 Rf4 25. Qc2 R8f5 26. Rde3 Rh4 27. g3 Rg5 28. R1e2 Rd4 29. Kg2 h5 30. Qa4 h4 31. g4 e4 32. Qe8+ Kg7 33. Rxe4 Rxe4 34. Rxe4 Re5 35. Qc6 Qb8 36. Qxc5 Rxe4 37. fxe4 Qe5 38. Kf3 1/2-1/2

[Event "Madrid San Viator op 21st"]
[Site "Madrid"]
[Date "2013.11.17"]
[Round "9"]
[White "Garcia Ruiz Fuentes, Angel Marcos"]
[Black "Rodriguez Orgaz, Cesar"]
[Result "1-0"]
[WhiteElo "2042"]
[BlackElo "1820"]
[PlyCount "89"]
[EventDate "2013.09.29"]
[EventType "swiss"]
[EventRounds "9"]
[EventCountry "ESP"]
[SourceTitle "EXT 2015"]
[Source "ChessBase"]
[SourceDate "2014.11.20"]
[SourceVersion "1"]
[SourceVersionDate "2014.11.20"]
[SourceQuality "1"]

1. e4 c5 2. Nf3 e6 3. d4 cxd4 4. Nxd4 a6 5. Nc3 Qc7 6. Be2 Nc6 7. Be3 Nge7 8. 0-0 Nxd4 9. Qxd4 Nc6 10. Qd2 Be7 11. f4 Na5 12. Qd4 Bf6 13. e5 Be7 14. Ne4 Qxc2 15. Bd3 Qc7 16. Nd6+ Kf8 17. Be4 Nc6 18. Qb6 Qxb6 19. Bxb6 Bd8 20. Bxd8 Nxd8 21. Rfc1 Nc6 22. b4 Ke7 23. Rc4 f6 24. Rac1 fxe5 25. fxe5 Rb8 26. a4 b5 27. axb5 axb5 28. Rc5 Rd8 29. Bxc6 dxc6 30. Rxc6 Bb7 31. Rf1 Rxd6 32. Rxd6 Bd5 33. Ra1 Rb7 34. Rda6 Kf7 35. Ra7 Rxa7 36. Rxa7+ Kg6 37. g3 h5 38. Kf2 Kh6 39. Ke3 g6 40. Rc7 Kg5 41. Rc5 Bc4 42. Rxc4 bxc4 43. Kd4 Kf5 44. Kxc4 Kxe5 45. Kc5 1-0